[Event "Ilyumzhinov Cup"]
[Site "Internet"]
[Date "2006.05.06"]
[Round "?"]
[White "Rublevsky, Sergei"]
[Black "Kasimdzhanov, Rustam"]
[Result "0-1"]
[WhiteElo "2687"]
[BlackElo "2673"]
[PlyCount "118"]
[EventDate "2006.05.06"]
[EventType "swiss"]
[EventRounds "13"]
[EventCountry "RUS"]
[SourceTitle "CBM 112 Extra"]
[Source "ChessBase"]
[SourceDate "2006.07.14"]
[SourceVersion "1"]
[SourceVersionDate "2006.07.14"]
[SourceQuality "1"]

1. e4 c6 2. d4 d5 3. e5 Bf5 4. Nf3 e6 5. Be2 c5 6. O-O Nc6 7. c3 a6 8. Be3 Qb6
9. Qb3 Qxb3 10. axb3 cxd4 11. Nxd4 Nxd4 12. Bxd4 Ne7 13. Bb5+ Nc6 14. Bxc6+
bxc6 15. b4 Be7 16. Nd2 O-O 17. Ra4 Bc2 18. Ra2 f6 19. f4 fxe5 20. fxe5 Rxf1+
21. Kxf1 Bd3+ 22. Kf2 Rf8+ 23. Ke3 Bb5 24. Nf3 Rf5 25. g4 Rf7 26. Bc5 Bd8 27.
b3 h5 28. h3 Bf1 29. gxh5 Bxh3 30. Rxa6 Bg4 31. Nd4 Bg5+ 32. Kd3 Rf2 33. c4
Rd2+ 34. Kc3 Rd1 35. Rxc6 Bf4 36. b5 Bxe5 37. b6 Kh7 38. b7 dxc4 39. bxc4 Bf3
40. Rb6 Bxb7 41. Rxb7 Kh6 42. Rb6 Kxh5 43. Rxe6 Bf6 44. Re4 g5 45. Kc2 Rf1 46.
Ne2 Rf3 47. Bd4 Bxd4 48. Nxd4 Rf2+ 49. Kc3 g4 50. Ne6 Kh4 51. Ng7 Rf3+ 52. Kb4
Kg3 53. c5 Rf7 54. c6 Rxg7 55. c7 Rxc7 56. Rd4 Rc8 57. Rd5 Kh3 58. Rd6 g3 59.
Rd7 g2 0-1

[Event "Olympiad-37"]
[Site "Turin"]
[Date "2006.05.24"]
[Round "4"]
[White "Kasimdzhanov, Rustam"]
[Black "Ivanchuk, Vassily"]
[Result "1-0"]
[WhiteElo "2673"]
[BlackElo "2731"]
[Annotator "Postny,E"]
[PlyCount "91"]
[EventDate "2006.05.21"]
[EventType "team-swiss"]
[EventRounds "13"]
[EventCountry "ITA"]
[SourceTitle "CBM 113"]
[Source "ChessBase"]
[SourceDate "2006.07.31"]
[SourceVersion "1"]
[SourceVersionDate "2006.07.31"]
[SourceQuality "1"]
[WhiteTeam "Uzbekistan"]
[BlackTeam "Ukraine"]
[WhiteTeamCountry "UZB"]
[BlackTeamCountry "UKR"]

1. e4 e5 2. Nf3 Nc6 3. Bb5 a6 4. Ba4 Nf6 5. O-O Be7 6. Re1 b5 7. Bb3 O-O 8. h3
d6 9. c3 Bb7 10. d4 Re8 11. Nbd2 Bf8 12. a4 h6 {The Zaitsev's variation went
on to a serious test in the World championship matches Kasparov-Karpov and
remains highly topical nowadays as well.} 13. Bc2 exd4 14. cxd4 Nb4 15. Bb1 c5
16. d5 Nd7 17. Ra3 {White's rook heading to the kingside.} f5 (17... c4 {
has been seen twice in KK World championship match in 1986. Both games ended
victoriously for White.}) 18. g4 $5 {A very interesting move, which appeared
only twice beforehand. This game will probably give a new push to this line.} (
{In the fifth KK match in 1990 Kasparov played once} 18. Rae3) ({and twice} 18.
exf5 {. It seems that recent analysis showed good defensive resources for
Black in both cases.}) ({Therefore, White switched to} 18. Nh2 {which is
considered to be the mail line nowadays.}) 18... fxg4 $6 {A novelty and
probably not the best one. In such a sharp line one inaccuracy might be enough
to lose the whole game.} (18... f4 $5 {An attempt to block white's initiative
on the kingside might be an improvement for Black.} 19. Nb3 c4 (19... g5 20.
axb5 axb5 21. Bd2 Ne5 22. Bxb4 Nxf3+ 23. Qxf3 cxb4 24. Rxa8 Qxa8 25. Qd1 Bg7
26. Qd2 $14 {De Firmian,N-Ivanov,A/Philadelphia 1993}) 20. Nbd4 Nc5 $132 21.
Bxf4 Qf6 22. Bh2 Nbd3 $44 {Hellers,F-Almasi,Z/Malmo 1994}) (18... fxe4 $6 {
This is rather risky, but deserves investigation as well. For example:} 19.
Nxe4 Bxd5 (19... Nxd5 20. g5 N7b6 21. Qc2 $40) (19... c4 20. g5 Nd3 21. Bxd3
cxd3 22. Rxd3 Nc5 23. Nxc5 dxc5 24. gxh6 $16) 20. g5 Ne5 (20... bxa4 21. Bd2
Bb3 22. Rxb3 axb3 23. Bxb4 cxb4 24. Qxb3+ Kh8 25. Nh4 Ne5 26. f4 $40) 21. Nxe5
Rxe5 22. gxh6 Qh4 23. hxg7 Bxg7 24. Rg3 Rf8 (24... Bxe4 25. Qxd6 Rae8 26. Bh6
R5e6 27. Rxg7+ Kh8 28. Qxc5 Qxh6 29. Rg4 $18) 25. Bg5 Rxg5 26. Nxg5 Bd4 (26...
Qxg3+ 27. fxg3 Bd4+ 28. Qxd4 (28. Kh2 $4 Rf2+ 29. Kg1 Rd2+ $19) 28... cxd4 29.
axb5 axb5 30. Rd1 $16) 27. Ne4+ Kh8 28. Qg4 Qxg4 29. Rxg4 bxa4 30. Rh4+ Kg7 31.
Rg4+ Kh8 $11) 19. hxg4 Ne5 ({After} 19... Be7 20. Nf1 Bf6 21. Ne3 Ne5 22. Nxe5
Bxe5 23. Nf5 {White has pleasant attacking prospects.}) ({Deserved attention:} 
19... g6 $5 {covering the f5 square..}) 20. g5 $1 Bc8 (20... hxg5 $2 21. Nxe5
dxe5 22. Qh5 $40) 21. Nxe5 Qxg5+ 22. Rg3 Qxe5 23. Nf3 {[%csl Gb1,Gc1,Gd1,Ge1,
Gf3,Gg3] White is a pawn down, but his pieces are ready for a strike.} Qh5 (
23... Qf6 24. Qe2 $1 {[%cal Ge4e5]} Bb7 (24... Nxd5 25. e5 $1 dxe5 26. Qe4 Bb7
27. Qh7+ Kf7 28. Bg6+ Ke7 29. Bxh6 $18) 25. e5 $1 dxe5 26. Qe4 $18) 24. Kg2 Bg4
25. Rh1 Bxf3+ (25... Qg6 26. Bd2 {and after the following e4-e5 White will get
a crushing attack.}) 26. Rxf3 Qg4+ 27. Kf1 Rxe4 $1 {The only way to stay in
the game.} 28. Bxh6 $1 (28. Bxe4 $2 Qxe4 {and Black is fine.}) 28... Ra7 (28...
gxh6 $2 29. Rg3 $18) (28... Rd4 $2 29. Qe2 Nxd5 30. Bf5 $18 {[%cal Gf5g4,Gf5e6]
}) (28... Rae8 29. Be3 $16 (29. Bxe4 $6 Qxe4 30. Bd2 Nxd5 $13)) 29. Bd2 {
The "h" file is now a real problem for Black.} Rf7 (29... Nxd5 $2 30. Rh8+ $1
Kxh8 31. Rxf8+ Kh7 32. Qxg4 $18 {[%cal Gb1h7]}) 30. Bxe4 Qxe4 31. Rfh3 Rf5 32.
Bxb4 Qxb4 33. Qe2 {Black is forced to exchange queens not to be mated.} Qc4 34.
Qxc4 bxc4 35. Rh5 Rxh5 $2 {This decision is hard to understand. The exchange
of rooks leads to a totally hopeless ending for Black.} ({It was necessary to
keep the rooks on the board:} 35... g5 $1 36. Rg1 (36. Rh8+ Kf7 37. R1h7+ Bg7
38. Rd8 Kg6 39. Rxg7+ Kxg7 40. Rxd6 a5 {and Black should make a draw.}) 36...
Be7 37. Rh4 Rxd5 (37... Bf6 $2 38. Rxc4 Bxb2 39. f4 Rxd5 40. Rxg5+ Rxg5 41.
fxg5 Kf7 42. Rf4+ Kg6 43. Rf8 a5 44. Rg8+ Kf7 45. Ra8 Bc3 46. Ra6 $1 $18) 38.
Rxc4 Rd2 {with good survival chances.}) 36. Rxh5 Be7 37. Rh3 $1 {Kasim plays
it precisely.} Bf6 38. b3 c3 39. Ke2 {Black's passed pawn is not dangerous at
all.} Kf7 40. Kd3 Kg6 41. Rh8 {The rook is coming to capture black's "a" pawn.
The rest is easy.} Kf5 42. Ra8 Ke5 43. Rxa6 Kxd5 44. a5 g6 45. Ra7 Kc6 46. Rf7
1-0

[Event "EU-Cup 22nd"]
[Site "Fuegen"]
[Date "2006.10.14"]
[Round "7.2"]
[White "Kasimdzhanov, Rustam"]
[Black "Naiditsch, Arkadij"]
[Result "1-0"]
[WhiteElo "2672"]
[BlackElo "2676"]
[Annotator "Kasimdzhanov,R"]
[PlyCount "59"]
[EventDate "2006.10.08"]
[EventType "team-swiss"]
[EventRounds "7"]
[EventCountry "AUT"]
[SourceTitle "CBM 115"]
[Source "ChessBase"]
[SourceDate "2006.11.15"]
[SourceVersion "1"]
[SourceVersionDate "2006.11.15"]
[SourceQuality "1"]
[WhiteTeam "Kazan Ladya"]
[BlackTeam "Clichy Echecs 92"]
[WhiteTeamCountry "RUS"]
[BlackTeamCountry "FRA"]

1. d4 Nf6 2. c4 e6 3. Nc3 Bb4 4. Qc2 O-O 5. a3 Bxc3+ 6. Qxc3 b5 7. cxb5 c6 8.
Qd3 $1 $146 {This novelty might well put 6...b5 out of use. White seems to
have a decent positional plus after both 8...d5 and 8...cxb5 Durch diese
Neuerung könnte 6...b5 durchaus aus dem Verkehr gezogen werden. Sowohl nach 8..
.d5 als auch nach 8...cxb5 scheint Weiß über ein ordentliches positionelles
Plus zu verfügen.} (8. Bg5 cxb5 9. e3 Bb7 10. Nf3 a6) 8... d5 (8... cxb5 9. e4
$14 {with two bishops and a solid centre. mit dem Läuferpaar und einem soliden
Zentrum.}) 9. Bg5 cxb5 10. Nf3 a5 11. e3 (11. Ne5 {is attractive, but might
not be enough after ist verlockend, reicht aber vielleicht nicht aus nach} Qb6
12. Bxf6 gxf6 13. Qg3+ Kh8 14. Nf3 b4 15. e3 bxa3 16. Qh4 axb2 17. Qxf6+ Kg8
$11) 11... Ba6 12. b4 {Now the main strategical point of the position becomes
clear: White tries to lock in the black bishop in this amusing cage, created
by his own pawns on b5, d5, e6. Black has to hurry up with his counterplay.
Nun wird der strategische Hauptpunkt der Stellung klar: Weiß versucht, den
Läufer von Schwarz in diesem amüsanten Käfig einzusperren, der aus seinen
eigenen Bauern auf b5, d5 und e6 besteht. Der Nachziehende muss sich mit
seinem Gegenspiel beeilen.} axb4 13. axb4 Nc6 $6 (13... Qd6 $5 {was perhaps
the lesser evil: war vielleicht das geringere Übel.} 14. Bxf6 (14. Rb1 Ne4 15.
Bf4 Qe7 16. Nd2 Nc6 $13) 14... Qxb4+ 15. Qd2 Qxd2+ 16. Kxd2 gxf6 17. Bxb5 Bb7
18. Rxa8 Bxa8 19. Rc1 Bb7 20. Ne1 $5 (20. Rc7 Ba6 21. Bxa6 (21. Ba4 Bc4 22. Rb7
Na6 23. Kc3 Rc8 24. Bd7 Rc7 25. Rxc7 Nxc7 26. Kb4 Kf8 $11) 21... Nxa6 22. Rb7
Rb8 23. Rxb8+ Nxb8 24. Kc3 Nc6 $11) 20... Rc8 (20... Ba6 21. Ba4) 21. Rxc8+
Bxc8 22. Kc3 Kf8 23. Kb4 Ke7 24. Kc5 Ba6 25. Bd3 (25. Bxa6 Nxa6+ 26. Kb6 Nb4) (
25. g4 Bxb5 26. Kxb5 Kd6 27. Nd3 Nc6) 25... Bxd3 26. Nxd3 $14) 14. Rb1 Qd6 (
14... Nxb4 $2 {looks dangerous, but does not suffice: sieht gefährlich aus,
reicht aber nicht:} 15. Rxb4 Qa5 16. Qb1 $1 Ne4 17. Bd3 $1 ({but not} 17. Be7
Rfc8 18. Bd3 Ra7 $1 19. Bc5 Rxc5 20. dxc5 Nc3 21. Qb2 Na2 22. O-O Nxb4 $13)
17... Nc3 18. Qb2 Na2 19. Be7 $18) 15. Bxf6 gxf6 16. Qd2 Rfb8 (16... e5 17. Be2
Kh8 18. O-O Rg8 19. Rfc1 $16) 17. Bd3 (17. Be2 Bc8 18. Bd1 e5 19. O-O Bf5 20.
Rb2 Be4 $132) 17... Bc8 18. O-O (18. e4 dxe4 19. Bxe4 Kg7 20. O-O Bb7 21. Rb3
Ne7 $13) 18... Ra4 {White has failed by one move to achieve full positional
control (after Rfc1-c5 Black's position would be resignable), and now has to
change the character of the game drastically in order to keep the initiative. 
Weiß hat es um einen Zug nicht geschafft, die vollständige positionelle
Kontrolle zu erringen (nach Rfc1-c5 wäre die schwarze Stellung aufgabereif)
und muss nun den Charakter der Partie drastisch ändern, um die Initiative zu
bewahren.} 19. e4 $1 (19. Rfc1 Rxb4 20. Rxb4 Nxb4 21. Bxb5 Rxb5 22. Rxc8+ Kg7
$11) 19... dxe4 20. Bxe4 Ne7 21. Rfc1 $16 {The structure and the bishop on c8
are no longer so much of a problem for Black; but his king's vulnerabilty
gives White a steady plus. Die Struktur und der Läufer auf c8 stellen für
Schwarz kein so großes Problem mehr dar, doch die Anfälligkeit seines Königs
gibt Weiß ein beständiges Plus.} Kg7 (21... Bb7 22. Bxb7 Rxb7 23. Qh6 Rxb4 24.
Rxb4 Qxb4 25. Qxf6 Qb2 26. Qg5+ Ng6 27. h4 $16) 22. Rc5 Nd5 (22... Ng6 23. Rh5
$16) (22... f5 $5 23. Qg5+ (23. Bd3 Bd7 24. Ne5 Be8) 23... Ng6 24. Bc6 Bd7 25.
Bxd7 (25. d5 Rxb4) 25... Qxd7 26. d5 $36) 23. Bxd5 (23. Ne5 $2 fxe5 24. Qg5+
Kf8 (24... Kh8 $2 25. Qh6 f5 26. Bxd5 $18) 25. dxe5 Qe7 26. Qh6+ Ke8 27. Qxh7
Rxb4 28. Rbc1 Bd7) 23... exd5 24. Nh4 $1 Bd7 25. Rc3 $6 {In approaching
time-trouble I am losing the thread. Bei herannahender Zeitnot verliere ich
den Faden.} (25. Qd3 $142 Rba8 (25... Kh8 26. Nf5 Bxf5 (26... Qe6 27. Ne3 Qe4
28. Qxe4 dxe4 $16) 27. Qxf5 Qe6 28. Qf4 $16) 26. Qg3+ Qxg3 27. fxg3 $16) 25...
Kh8 26. Rg3 (26. Qh6 Rg8 27. h3 Rg5 28. Rf3 Ra6 29. Re1 Qxb4 30. Rfe3 Qd6 31.
Nf5 Qb8 32. Rg3 Rg8 33. Rxg8+ Qxg8 34. Ne7 Qg7 35. Qf4 Ra8 $14) 26... Rg8 27.
Qh6 Ra6 $6 (27... Rxg3 $142 28. hxg3 Kg8 29. Qd2 $14 (29. Kh2 Ra2 30. f3 Ra8))
28. Rxg8+ Kxg8 29. h3 $16 {White is better in this position, not only because
the black king is still open, but mainly because the exchange of major pieces
would bring about a winning ending with knight against a bad bishop. Black's
blunder puts a sudden end to this interesting game: In dieser Position steht
Weiß besser, nicht nur, weil der schwarze König nach wie vor entblößt ist,
sondern auch, weil der Abtausch von Schwerfiguren ein gewonnenes Endspiel mit
Springer gegen den schlechen Läufer herbeiführen würde. Der schwarze Bock
bereitet dieser interessanten Partie ein jähes Ende:} Qe7 $2 30. Rb3 $18 1-0

[Event "Aiaccio Masters op"]
[Site "Ajaccio"]
[Date "2006.10.30"]
[Round "7"]
[White "Kasimdzhanov, Rustam"]
[Black "Naiditsch, Arkadij"]
[Result "1-0"]
[WhiteElo "2672"]
[BlackElo "2676"]
[PlyCount "81"]
[EventDate "2006.10.30"]
[EventType "swiss"]
[EventRounds "9"]
[EventCountry "FRA"]
[SourceTitle "EXT 2007"]
[Source "ChessBase"]
[SourceDate "2006.11.23"]
[SourceVersion "1"]
[SourceVersionDate "2006.11.23"]
[SourceQuality "1"]
[WhiteTeam "Russia"]
[BlackTeam "Belarus"]
[WhiteTeamCountry "RUS"]
[BlackTeamCountry "BLR"]

1. d4 Nf6 2. c4 e6 3. Nc3 Bb4 4. Qc2 c5 5. dxc5 Qc7 6. Nf3 Bxc5 7. Bg5 a6 8. e3
Be7 9. Bd3 d6 10. O-O Nbd7 11. Rac1 h6 12. Bh4 O-O 13. Rfd1 b6 14. Qe2 Bb7 15.
Bb1 Rfe8 16. b3 Rad8 17. Nd4 Qb8 18. Bg3 Qa8 19. e4 Nc5 20. Re1 Bf8 21. Bh4 Be7
22. Bg3 Bf8 23. Rcd1 d5 24. cxd5 exd5 25. e5 Nfe4 26. Qc2 Rc8 27. f3 Nxb3 28.
axb3 Rxc3 29. Qb2 Bb4 30. fxe4 dxe4 31. Rf1 Bd5 32. Kh1 e3 33. Qe2 Bc5 34. Kg1
Bxg2 35. Qxg2 e2 36. Qxe2 Rd8 37. Bf2 g6 38. e6 Rd5 39. exf7+ Kh7 40. h4 Qb8
41. Bxg6+ 1-0

[Event "RUS-chT 14th"]
[Site "Sochi"]
[Date "2007.05.09"]
[Round "8"]
[White "Kasimdzhanov, Rustam"]
[Black "Kortschnoj, Viktor Lvovich"]
[Result "1-0"]
[WhiteElo "2677"]
[BlackElo "2623"]
[PlyCount "63"]
[EventDate "2007.05.02"]
[EventType "team-tourn"]
[EventRounds "9"]
[EventCountry "RUS"]
[SourceTitle "EXT 2020"]
[Source "ChessBase"]
[SourceDate "2019.10.17"]
[SourceVersion "1"]
[SourceVersionDate "2019.10.17"]
[SourceQuality "1"]
[WhiteTeam "Tomsk 400"]
[BlackTeam "Chelyabinsk South Ural"]
[WhiteTeamCountry "RUS"]
[BlackTeamCountry "RUS"]

1. d4 Nf6 2. c4 e6 3. Nc3 Bb4 4. Qc2 d5 5. cxd5 exd5 6. Bg5 c5 7. Nf3 cxd4 8.
Nxd4 Nc6 9. O-O-O Nxd4 10. Rxd4 Bxc3 11. bxc3 O-O 12. f3 h6 13. Bd2 Be6 14. g4
Nd7 15. f4 f5 16. Bg2 fxg4 17. Rf1 Rc8 18. f5 Bf7 19. Rxg4 Nf6 20. Rd4 Qe7 21.
Bf3 Kh8 22. Rg1 Bg8 23. Qa4 Bh7 24. Qb4 Qe5 25. Kb2 Qxf5 26. Ka1 Rf7 27. c4 Qe5
28. cxd5 Nxd5 29. Bxd5 a5 30. Qb2 Rc2 31. Bxf7 Rxb2 32. Rd8+ 1-0

[Event "ESP-chT Honor Gp1"]
[Site "Lugo"]
[Date "2007.06.23"]
[Round "4"]
[White "Kasimdzhanov, Rustam"]
[Black "Krasenkow, Michal"]
[Result "1-0"]
[WhiteElo "2677"]
[BlackElo "2661"]
[PlyCount "135"]
[EventDate "2007.06.20"]
[EventType "team"]
[EventRounds "5"]
[EventCountry "ESP"]
[SourceTitle "CBM 119"]
[Source "ChessBase"]
[SourceDate "2007.08.01"]
[SourceVersion "1"]
[SourceVersionDate "2007.08.01"]
[SourceQuality "1"]

1. e4 e5 2. Nf3 Nc6 3. Bb5 a6 4. Bxc6 dxc6 5. O-O Qd6 6. Na3 Qe6 7. b3 c5 8.
Bb2 Bd6 9. Nc4 f6 10. Nh4 Ne7 11. f4 exf4 12. Qh5+ Qf7 13. Qxf7+ Kxf7 14. e5
fxe5 15. Nxe5+ Ke8 16. Nc4 Rg8 17. Rae1 b5 18. Nxd6+ cxd6 19. Rxf4 Ra7 20. Nf3
h6 21. d4 Rf8 22. Rfe4 Bf5 23. R4e3 Kf7 24. dxc5 dxc5 25. Bxg7 Kxg7 26. Rxe7+
Rf7 27. R7e5 Rac7 28. c3 a5 29. R5e3 Bc8 30. Ne5 Rfe7 31. Kf2 Re6 32. Rg3+ Kh7
33. Rd3 Rf6+ 34. Rf3 Rd6 35. Re2 Re7 36. h3 a4 37. Rfe3 axb3 38. axb3 Bb7 39.
Nd3 Rf7+ 40. Kg1 Rd5 41. c4 bxc4 42. bxc4 Rdf5 43. Re6 Rg7 44. Kh2 Rfg5 45. Nf4
Rf5 46. g3 Bf3 47. Rd2 Ra7 48. Kg1 Rff7 49. Kf2 Bb7 50. Rdd6 h5 51. Rh6+ Kg8
52. Rdg6+ Kf8 53. Rh8+ Ke7 54. Rxh5 Ra2+ 55. Ke3 Kd7 56. Re5 Ra3+ 57. Kd2 Kc7
58. Rxc5+ Kb8 59. Re5 Ba6 60. Re3 Ra4 61. c5 Ra2+ 62. Kc3 Ra3+ 63. Kd2 Ra2+ 64.
Ke1 Ka7 65. Rge6 Ra1+ 66. Kf2 Rf1+ 67. Kg2 Rc1 68. Ra3 1-0

[Event "Bundesliga 0708"]
[Site "Germany"]
[Date "2007.12.08"]
[Round "5.1"]
[White "Kasimdzhanov, Rustam"]
[Black "Predojevic, Borki"]
[Result "1-0"]
[WhiteElo "2690"]
[BlackElo "2645"]
[Annotator "Rogozenco,D"]
[PlyCount "57"]
[EventDate "2007.10.20"]
[EventType "team-tourn"]
[EventRounds "15"]
[EventCountry "GER"]
[SourceTitle "CBM 123"]
[Source "ChessBase"]
[SourceDate "2008.04.02"]
[SourceVersion "1"]
[SourceVersionDate "2008.04.02"]
[SourceQuality "1"]
[WhiteTeam "Godesberg"]
[BlackTeam "Zehlendorf"]
[WhiteTeamCountry "GER"]
[BlackTeamCountry "GER"]

{This theoretically important game is annotated by the winner in the ChessBase
Magazine 122 in Fritztrainer video format, so I will just briefly mention the
critical moments.} 1. d4 d5 2. c4 c6 3. Nf3 Nf6 4. Nc3 dxc4 5. a4 Bf5 6. Ne5
Nbd7 7. Nxc4 Qc7 8. g3 e5 9. dxe5 Nxe5 10. Bf4 Nfd7 11. Bg2 g5 12. Ne3 gxf4 13.
Nxf5 O-O-O 14. Qc2 Ng6 {A line advocated by Predojevic.} (14... Nc5 {is the
main move}) 15. O-O fxg3 ({Two months later after the present game the Bosnian
GM played differently, but found himself in troubles anyway:} 15... Kb8 16.
Rfc1 a5 17. b4 $5 axb4 (17... Bxb4 18. Nb5 Qb6 19. Nbd4 $44) 18. Nb5 Qe5 19.
Nbd4 Bc5 20. Nb3 fxg3 21. hxg3 h5 22. Rab1 Ba7 23. e3 h4 24. Nbd4 Bxd4 (24...
Rc8 25. Rxb4 $16) (24... hxg3 25. Nxc6+ bxc6 26. Qxc6 $18) 25. Nxd4 c5 (25...
Qd6 26. Rxb4 $1 Qxb4 27. Nxc6+ bxc6 28. Qxc6 $18) 26. Rxb4 $1 cxb4 27. Nc6+ $18
{1-0 Nguyen Ngoc Truong Son-Predojevic,B/Moscow 2008 (31)}) 16. hxg3 h5 17.
Rfc1 Kb8 18. b4 ({After} 18. Nb5 Qb6 {the knight sacrifice} 19. a5 Qxb5 20. Nd4
{doesn't work very well in view of} Qc5 21. Qa4 Qd6 {and if} 22. a6 {then} Nc5)
18... h4 19. Nb5 $1 $146 {Kasimdzhanov: "This novelty probably puts 14...Ng6
out of use".} (19. b5 cxb5 20. Nxb5 Qxc2 21. Rxc2 hxg3 22. Nxg3 Nf4 $11 {
1/2-1/2 Nielsen,P-Predojevic,B/Kemer 2007 (31)}) 19... Qc8 ({The point of
Kasimdzhanov's novelty is that after} 19... Qb6 {White wins by force thanks to}
20. a5 Qxb5 (20... Qa6 21. Nbd6 Bxd6 22. Nxd6 $18 {[%csl Rf7][%cal Gb4b5]}) 21.
Nd4 {E.g.} Qh5 (21... Qa6 22. b5 cxb5 23. Qc7+ $18) 22. Nxc6+ bxc6 23. Qxc6 $18
) 20. Qb3 $1 {[%csl Ra7,Rf7][%cal Gb3e3]} (20. Nbd6 Bxd6 21. Nxd6 Qc7 22. Nxf7
hxg3 $132) 20... h3 21. Qe3 c5 22. Be4 Nf6 23. bxc5 Ng4 24. c6 $1 $18 {A very
nice queen sacrifice. White's attack is decisive.} Rd1+ (24... Nxe3 25. c7+ Ka8
26. cxd8=Q Qxd8 27. Nc7+ Kb8 28. Rab1 $18) 25. Rxd1 Nxe3 26. Nxe3 bxc6 (26...
Be7 27. c7+ Ka8 28. Bf5 $18) 27. Rab1 cxb5 28. Rxb5+ Kc7 29. Nd5+ 1-0